| 000 | 01541cam a2200421 a 4500 | ||
|---|---|---|---|
| 001 | 4194 | ||
| 003 | FISKH | ||
| 005 | 20240626142243.0 | ||
| 008 | 121005s2013 nyua c 000 1 eng | ||
| 010 | _a 2012037405 | ||
| 020 | _a9781442476813 (hardcover) | ||
| 020 | _a9780545782449 | ||
| 040 |
_aDLC _cDLC _dDLC _beng |
||
| 042 |
_alcac _alcac |
||
| 050 | 0 | 0 | _aPZ7.S74817 |
| 082 | _a813.6 | ||
| 100 | 1 | _aSpencer, Octavia. | |
| 245 | 1 | 4 |
_aThe case of the time-capsule bandit / _cby Octavia Spencer ; [illustrations by Vivienne To]. |
| 250 | _aFirst Scholastic printing, October 2014 | ||
| 260 |
_aNew York : _bScholastic, _c2013. |
||
| 300 |
_a209 pages : _billustrations ; _c20 cm |
||
| 490 | 0 |
_aRandi Rhodes, ninja detective ; _vBook 1 |
|
| 505 | _aR | ||
| 520 | _aTwelve-year-old Randi, unhappy about moving from Brooklyn to Deer Creek, Tennessee, after her mother's death, soon finds new friends and a case to solve surrounding a stolen time capsule and rumors of a centuries-old treasure. | ||
| 521 | 8 |
_a750
_bLexile estimate |
|
| 521 | 8 |
_aR
_bRaz-Plus |
|
| 650 | 1 | _aMystery and detective stories. | |
| 650 | 1 |
_aCommunity life _zTennessee _vFiction. |
|
| 650 | 1 |
_aSingle-parent families _vFiction. |
|
| 650 | 1 |
_aMoving, Household _vFiction. |
|
| 650 | 1 |
_aTime capsules _vFiction. |
|
| 650 | 1 |
_aBuried treasure _vFiction. |
|
| 651 | 1 |
_aTennessee _vFiction. |
|
| 700 | 1 |
_aTo, Vivienne, _eillustrator |
|
| 906 |
_a7 _bcbc _corignew _d1 _eecip _f20 _gy-gencatlg |
||
| 942 |
_2ddc _cBK _n0 |
||
| 999 |
_c4194 _d4194 |
||